000 00910cam a2200265 a 4500
001 000005505
005 20240503073630.0
008 980505s1997 sp a b 000 f spa
020 _a8437615445
040 _aDO-SdBNP
_cDLC
082 _a863.3
_bC419t
100 1 _aCervantes Saavedra, Miguel de,
_d1547-1616
_93070
245 1 4 _aLos trabajos de Persiles y Sigismunda /
_cMiguel de Cervantes ; edición de Carlos Romero Muñoz.
260 _aMadrid :
_bCátedra,
_c1997.
300 _a731 p. :
_bil. ;
_c18 cm.
490 1 _aLetras hispánicas
_v427
504 _aIncluye referencias bibliográficas (p. 77-93).
600 1 0 _aCervantes Saavedra, Miguel de,
_d1547-1616
_93070
650 4 _aNovela española
_91123
650 4 _aLiteratura española
_9632
700 1 _aRomero Muñoz, Carlos.
_915595
830 0 _aLetras hispánicas ;
_v427
_94208
910 _aCatalogación por copia / LC
910 _aWM
999 _c5304
_d5304